Capoluoghi meno popolosi di altro comune della provincia - Statistics

Statistiche generali
  • Questo quiz è stato fatto 149 volte
    29 dall'ultimo reset
  • Il punteggio medio è 3 su 6
Statistiche sulle risposte
Abitanti Capoluogo % Corretto
80.694 Varese
67%
63.153 Caltanissetta
63%
42.154 Imperia
63%
45.312 Ascoli Piceno
50%
68.528 Trapani
46%
42.209 Macerata
33%
Nessun quiz corrispondente trovato
Distribuzione punteggi
Percentuale di utenti per punteggio
Percentile per numero di risposta
I tuoi punteggi nel tempo
Non hai fatto questo quiz dall'ultimo reset